000 00730nam a2200217Ii 4500
003 JO-AjNU
008 230605s9999||||xx |||||||||||||| ||und||
020 _a978-2-7451-7626-4
040 _aJO-AjNU
_bara
_erda
_cJO-AjNU
041 _aara
050 1 4 _aHQ 525 . H85 2014
100 3 _aتأليف حمود، خضر موسى محمد,
_eauthor
_949926
245 0 0 _aكيف تختار شريكة حياتك
250 _aط1
264 3 1 _aبيروت: كتاب ناشرون، 2014
300 _a320ص
_bيحتوي على ببلوغرافية من316-320ص
336 _atext
_btxt
_2rdacontent
337 _aunmediated
_bn
_2rdamedia
338 _avolume
_bnc
_2rdacarrier
650 4 _aالزواج - فقه اسلامي
_949927
999 _aA21960
_c25528
_d25528